Mergers and acquisitions / (Record no. 6688)
[ view plain ]
| 000 -LEADER | |
|---|---|
| fixed length control field | 00781cam a22002174a 4500 |
| 001 - CONTROL NUMBER | |
| control field | 15112492 |
| 005 - DATE AND TIME OF LATEST TRANSACTION | |
| control field | 20250625175428.0 |
| 008 - FIXED-LENGTH DATA ELEMENTS--GENERAL INFORMATION | |
| fixed length control field | 071213s2008 caua b 000 0 eng |
| 020 ## - INTERNATIONAL STANDARD BOOK NUMBER | |
| International Standard Book Number | 9781847870575 |
| 020 ## - INTERNATIONAL STANDARD BOOK NUMBER | |
| International Standard Book Number | 1847870570 |
| 050 00 - LIBRARY OF CONGRESS CALL NUMBER | |
| Classification number | HD2746.5 |
| Item number | .M454 2008 |
| 082 04 - DEWEY DECIMAL CLASSIFICATION NUMBER | |
| Classification number | 658.162 |
| Edition information | 22 |
| 245 00 - TITLE STATEMENT | |
| Title | Mergers and acquisitions / |
| Statement of responsibility, etc. | edited by Jeffrey A. Krug. |
| 260 ## - PUBLICATION, DISTRIBUTION, ETC. | |
| Place of publication, distribution, etc. | Los Angeles : |
| Name of publisher, distributor, etc. | SAGE, |
| Date of publication, distribution, etc. | 2008. |
| 300 ## - PHYSICAL DESCRIPTION | |
| Extent | 3 v. : |
| Other physical details | ill. ; |
| Dimensions | 25 cm. |
| 650 #0 - SUBJECT ADDED ENTRY--TOPICAL TERM | |
| Topical term or geographic name entry element | Consolidation and merger of corporations. |
| 700 1# - ADDED ENTRY--PERSONAL NAME | |
| Personal name | Krug, Jeffrey A. |
| Fuller form of name | (Jeffrey Alan), |
| Dates associated with a name | 1959- |
| 856 42 - ELECTRONIC LOCATION AND ACCESS | |
| Materials specified | Publisher description |
| Uniform Resource Identifier | <a href="http://www.loc.gov/catdir/enhancements/fy0905/2007943245-d.html">http://www.loc.gov/catdir/enhancements/fy0905/2007943245-d.html</a> |
| 856 41 - ELECTRONIC LOCATION AND ACCESS | |
| Materials specified | Table of contents only |
| Uniform Resource Identifier | <a href="http://www.loc.gov/catdir/enhancements/fy0905/2007943245-t.html">http://www.loc.gov/catdir/enhancements/fy0905/2007943245-t.html</a> |
| 942 ## - ADDED ENTRY ELEMENTS (KOHA) | |
| Source of classification or shelving scheme | Library of Congress Classification |
| Koha item type | Books |
| Suppress in OPAC | No |
| 999 ## - | |
| -- | 6688 |
| -- | 6688 |
| Withdrawn status | Lost status | Source of classification or shelving scheme | Damaged status | Not for loan | Collection | Home library | Current library | Shelving location | Date acquired | Total checkouts | Full call number | Barcode | Date last seen | Copy number | Price effective from | Koha item type |
|---|---|---|---|---|---|---|---|---|---|---|---|---|---|---|---|---|
| Library of Congress Classification | Non-fiction | Graduate Library (Christ Temple) | Graduate Library (Christ Temple) | General stacks | 06/25/2025 | HD2346.5MER | GSCT00001650 | 06/25/2025 | 1 | 06/25/2025 | Books | |||||
| Library of Congress Classification | Non-fiction | Graduate Library (Christ Temple) | Graduate Library (Christ Temple) | General stacks | 06/25/2025 | HD2346.5MER | GSCT00001651 | 06/25/2025 | 2 | 06/25/2025 | Books | |||||
| Library of Congress Classification | Non-fiction | Graduate Library (Christ Temple) | Graduate Library (Christ Temple) | General stacks | 06/25/2025 | HD2346.5MER | GSCT00001652 | 06/25/2025 | 3 | 06/25/2025 | Books | |||||
| Library of Congress Classification | Non-fiction | Graduate Library (Christ Temple) | Graduate Library (Christ Temple) | General stacks | 06/25/2025 | HD2346.5MER | GSCT00001653 | 06/25/2025 | 4 | 06/25/2025 | Books | |||||
| Library of Congress Classification | Non-fiction | Graduate Library (Christ Temple) | Graduate Library (Christ Temple) | General stacks | 06/25/2025 | HD2346.5MER | GSCT00001654 | 06/25/2025 | 5 | 06/25/2025 | Books | |||||
| Library of Congress Classification | Non-fiction | Graduate Library (Christ Temple) | Graduate Library (Christ Temple) | General stacks | 06/25/2025 | HD2346.5MER | GSCT00001655 | 06/25/2025 | 6 | 06/25/2025 | Books |